000 01080cam a22003377a 4500
003 CHAP
005 20220817043455.0
008 980930d1997 it r 11 eng d
010 _a76250
011 _a77222
020 _a9251039372
035 _a86825
040 _cCHAP
082 0 4 _a636.08
_bF3 v.133
110 2 _aFAO
245 1 0 _aPrevention and control of transboundary animal diseases
_c/by FAO
260 _aRome :
_bFAO,
_c1997.
300 _a121 p. :
_bgráfs. ; mapa
490 0 _aFAO. Producción y sanidad animal
_v; 133
590 _aBATCH-UPD
_b10
_c20130110
_lUCH01
_h1910
590 _aBATCH-UPD
_b10
_c20130410
_lUCH01
_h1237
590 _aBATCH-UPD
_b10
_c20130914
_lUCH01
_h1312
590 _aCONVERSION
_b10
_c20130109
_lUCH01
_h1342
650 1 4 _aEnfermedades infecciosas en animales.
_936936
650 1 4 _aSanidad animal.
_9102221
830 0 _aFAO. Producción y sanidad animal
_v; 133
_939655
901 _aBK
905 _aLilia Sánchez G.
942 _cLIBRO
949 _a636.08 F3 v.133
_bBC
_cFAO
_d33724000705620
_eFAO1
_h94269
_i86825
_kDonaciØn
_sb
999 _c76250
_d76250